Vista normal
Vista MARC
Entrada Materia (personas)
Número de registros utilizados en: 1
001 - CONTROL NUMBER
- control field: 31487
003 - CONTROL NUMBER IDENTIFIER
- control field: Co-BoUCM
005 - DATE AND TIME OF LATEST TRANSACTION
- control field: 20130305121559.0
008 - FIXED-LENGTH DATA ELEMENTS
- fixed length control field: 130305|| aca||aabn | a|a d
040 ## - CATALOGING SOURCE
- Original cataloging agency: Co-BoUCM
- Transcribing agency: Co-BoUCM
100 ## - HEADING--PERSONAL NAME
- Personal name: Gradibus, Johannes de
670 ## - SOURCE DATA FOUND
- Source citation: Work cat.: (Co-BoUCM)165568: Franchi, Filippo, d. 1471 31403, Clarissimi Juris utriusque monarche interpretisque profundissimi Dni. Philippi Franchi Perusini Lectura super Sexto Decretalium: subtilique non minus quam utili titulo de Regulis iuris. , 1522